Vista normal Vista MARC

Entrada Topical Term

Número de registros utilizados en: 1

001 - CONTROL NUMBER

  • control field: 57563

003 - CONTROL NUMBER IDENTIFIER

  • control field: OSt

005 - DATE AND TIME OF LATEST TRANSACTION

  • control field: 20250117105138.0

008 - FIXED-LENGTH DATA ELEMENTS

  • fixed length control field: 250117|| aca||aabn | a|a d

040 ## - CATALOGING SOURCE

  • Original cataloging agency: OSt
  • Transcribing agency: OSt

150 ## - HEADING--TOPICAL TERM

  • Topical term or geographic name entry element: Cuentos de ositos

670 ## - SOURCE DATA FOUND

  • Source citation: Work cat.: (OSt)56771: Dale, Elizabeth autor 57562, Historias con ositos - Cuentos 2 en 1/









Instituto Departamental de Cultura del Meta - Red Departamental de Bibliotecas Públicas del Meta.